| 000 | 00377nam a2200121Ia 4500 | ||
|---|---|---|---|
| 008 | 220216s9999 xx 000 0 und d | ||
| 100 | _aCalderon Nissim | ||
| 245 | 0 | _aNovel synthesis of polymers for the rubber industry | |
| 260 | _bProceedings of the International Rubber Conference, Kobe, Japan, 1995; p11-14 | ||
| 650 | _aPolymer | ||
| 650 | _aRubber industry | ||
| 942 | _cJS | ||
| 999 |
_c64114 _d64114 |
||